Vainqueurs Grand Prix F1 2025 - Statistiques

Statistiques générales
  • Ce quiz a été pris 254 fois
  • Le résultat moyen est 23 sur 24
Statistiques - réponses
Grand Prix Réponses % Correct
AUSTRALIE Lando Norris
99%
MONACO Lando Norris
99%
AUTRICHE Lando Norris
99%
GRANDE-BRETAGNE Lando Norris
99%
HONGRIE Lando Norris
99%
MEXIQUE Lando Norris
99%
BRESIL Lando Norris
99%
JAPON Max Verstappen
99%
EMILIE-ROMAGNE Max Verstappen
99%
ITALIE Max Verstappen
99%
AZERBAIDJAN Max Verstappen
99%
ETATS UNIS Max Verstappen
99%
LAS VEGAS Max Verstappen
99%
QATAR Max Verstappen
99%
ABOU DABI Max Verstappen
99%
CHINE Oscar Piastri
97%
BAHREIN Oscar Piastri
97%
ARABIE SAOUDITE Oscar Piastri
97%
MIAMI Oscar Piastri
97%
ESPAGNE Oscar Piastri
97%
BELGIQUE Oscar Piastri
97%
PAYS-BAS Oscar Piastri
97%
CANADA George Russel
92%
SINGAPOUR George Russel
92%
Aucun quiz correspondant
Distribution des résultats
% des personnes avec chaque résultat
Percentile par nombre de réponses
Votre historique - résultats
Vous n’avez pas pris ce quiz